Past Ukraines - Statistics

General Stats
  • This quiz has been taken 25 times
  • The average score is 3 of 12
Answer Stats
Hint Answer % Correct
1991-Present Ukraine
96%
880-1240 Kievan Rus
70%
1919-1991 Ukrainian Soviet Socialist Republic
30%
1917-1918 Ukrainian People's Republic
26%
1918-1921 Ukrainian People's Republic
26%
1918-1918 Ukrainian State
17%
1132–1471 Inner Principality of Kiev
4%
1796-1925 Kiev Governorate
4%
1941-1944 Reichskommissariat Ukraine
4%
1918-1919 West Ukrainian People's Republic
4%
1781–1796 Kiev Viceroyality
0%
1471–1793 Kiev Voivodeship
0%
No matching quizzes found
Score Distribution
Percent of People with Each Score
Percentile by Number Answered
Your Score History
You have not taken this quiz